| 000 | 00842cab a2200241 4500 | ||
|---|---|---|---|
| 001 | X95472 | ||
| 008 | 090401t1998 xxu||||| |||| 00| 0 eng d | ||
| 035 | _a(Sirsi) u90130 | ||
| 041 | _aeng | ||
| 245 | _aBedfordshire CC v Fitzpatrick Contractors Ltd | ||
| 260 | _c1998 | ||
| 350 | _a0 | ||
| 490 |
_aConstruction Industry Law Letter _v[1998] CILL 1436-1440(5) |
||
| 520 | _aTCC 16 October 1998. Wrongful termination amounting to a repudiation. No implied term of trust and confidence in building contracts. | ||
| 650 | _aBEDFORDSHIRE CC V FITZPATRICK CONTRACTORS LTD | ||
| 650 | _aBREACH OF CONTRACT | ||
| 650 | _aHONG KONG FIR SHIPPING CO LTD V KAWASAKI KISEN KAISHA LTD | ||
| 650 | _aIMPLIED TERMS | ||
| 650 | _aWOODS V W M CAR SERVICES | ||
| 690 | _aBUILDING AND CONSTRUCTION-CASE LAW | ||
| 942 | _n0 | ||
| 948 | _c03/12/1998 | ||
| 999 |
_c57092 _d57092 |
||